Normal view
MARC view
Entry Personal Name
001 - CONTROL NUMBER
- control field: 247759
003 - CONTROL NUMBER IDENTIFIER
- control field: OSt
005 - DATE AND TIME OF LATEST TRANSACTION
- control field: 20251205095958.0
008 - FIXED-LENGTH DATA ELEMENTS
- fixed length control field: 251205|| aca||aabn | a|a d
040 ## - CATALOGING SOURCE
- Original cataloging agency: OSt
- Transcribing agency: OSt
100 ## - HEADING--PERSONAL NAME
- Personal name: Eiben, A E
670 ## - SOURCE DATA FOUND
- Source citation: Work cat.: (OSt)194447: Eiben, A E., Introduction to evolutionary computing /, 2015.